|
|
|
|
| LEADER |
00000nam0a2200000 4500 |
| 001 |
317894 |
| 005 |
20231102003024.0 |
| 010 |
|
|
|a 5759506048
|
| 035 |
|
|
|a (RuTPU)RU\TPU\book\343362
|
| 090 |
|
|
|a 317894
|
| 100 |
|
|
|a 20160415d1990 m y0rusy50 ca
|
| 101 |
0 |
|
|a rus
|
| 102 |
|
|
|a RU
|
| 105 |
|
|
|a y z 000ay
|
| 200 |
1 |
|
|a Чубаровы
|e повесть
|f М. И. Дерябин
|
| 210 |
|
|
|a Саранск
|c Мордовское кн. изд-во
|d 1990
|
| 215 |
|
|
|a 368 с.
|c ил.
|
| 606 |
1 |
|
|a Русская литература современная
|2 stltpush
|3 (RuTPU)RU\TPU\subj\26373
|9 50316
|
| 610 |
1 |
|
|a художественная литература
|
| 610 |
1 |
|
|a советская литература
|
| 610 |
1 |
|
|a повести
|
| 610 |
1 |
|
|a Октябрьская революция 1917
|
| 610 |
1 |
|
|a крестьянство
|
| 675 |
|
|
|a Р2
|v 4
|
| 700 |
|
1 |
|a Дерябин
|b М. И.
|g Моисей Иванович
|4 070
|
| 801 |
|
1 |
|a RU
|b 63413507
|c 20160415
|
| 801 |
|
2 |
|a RU
|b 63413507
|c 20201225
|g RCR
|
| 942 |
|
|
|c BK
|